| 000 | 01214nam0a22003251 4500 | ||
|---|---|---|---|
| 001 | rc\2657033 | ||
| 005 | 20250530064059.0 | ||
| 021 |
_aRU _b[76-101252] |
||
| 035 | _a(NLR Aleph) 007276126 | ||
| 090 |
_a5460763 _c5460763 |
||
| 100 | _a20120410d1976 |||y0rusy50 ca | ||
| 101 | 1 |
_arus _cfre |
|
| 102 |
_aRU _aRU |
||
| 105 | _aa z ||||| | ||
| 200 | 1 |
_aМария Кюри _fЕ. Кюри _gПер. с франц. Е.Ф. Корша _gПод ред. проф. В.В. Алпатова |
|
| 205 | _a4-е изд. | ||
| 210 |
_aМосква _cАтомиздат _d1976 |
||
| 215 |
_a327 с., 8 л. ил. _d16 |
||
| 320 | _aСписок лит.: с. 321 | ||
| 606 |
_aРадиоактивность _xИсследование _2psbo |
||
| 606 |
_aФизическая наука во Франции _z19-20 вв. _2psbo |
||
| 700 | 1 |
_aКюри _bЕ. _f1904- _gЕва |
|
| 702 | 1 |
_aКорш _bЕ.Ф. _4730 |
|
| 702 | 1 |
_4340 _7ca _8rus _aАлпатов _bВ. В. _cд-р биол. наук, зоолог _f1898-1979 _gВладимир Владимирович _9211034 _3RU\NLR\AUTH\770211090 |
|
| 801 | 0 |
_aRU _bNLR _gpsbo |
|
| 801 | 1 |
_aRU _bELAR _2rusmarc |
|
| 852 |
_aNLR _j77-2/1270 |
||
| 942 | _cBOOK | ||
| 980 | _aNB | ||